Conflicting and overlapping nature of strategic objectives in an Opera house management: implications for a new management model

Strategické možnosti manažmentu v opere. Opera na Slovensku. Modely manažmentu a výber stratégie v slovenskej opere. Implikácie pre nový model manažmentu v Slovenskom národnom divadle.

Guardado en:
Detalles Bibliográficos
Autor principal: Tajtáková, Mária
Formato: Capítulo de libro
Lenguaje:inglés
Materias:
Etiquetas: Agregar Etiqueta
Sin Etiquetas, Sea el primero en etiquetar este registro!

MARC

LEADER 00000naa$a2200000$$$4500
001 0053425
005 20240711093022.8
041 0 |a eng 
044 |a AT 
245 1 0 |a Conflicting and overlapping nature of strategic objectives in an Opera house management: implications for a new management model  |c Mária Tajtáková 
500 |a Zborník abstraktov je v tlačenej forme, nemá ISBN 
520 |a Strategické možnosti manažmentu v opere. Opera na Slovensku. Modely manažmentu a výber stratégie v slovenskej opere. Implikácie pre nový model manažmentu v Slovenskom národnom divadle. 
610 2 0 |a umenie 
610 2 0 |a hudba 
610 2 0 |a manažment 
610 2 0 |a manažment strategický 
610 2 0 |a modely 
610 2 0 |a Slovensko 
100 1 |a Tajtáková, Mária